000 00620nam a2200193Ia 4500
005 20250507130303.0
008 008 250505s9999 xx 000 0 eng d
037 _aSeries Article
040 _aEASL
_beng
_cEASL
041 _aeng
_2eng
084 _qEASL
100 _aRopers Norbert
_9673856
245 0 _aInsider mediation as a tool of collaborative security: Trends, discourses and insight from Asia
260 _aUK
_bLos Angeles Sage Publications London
_c2012
300 _a189-206pp.
650 _aAsian Studies; Collaborative Security
_9755071
942 _cSRA
999 _c1318782
_d1318782